000
00305nam a2200121 a 4500
005
20140414131903.0
008
100921s19uu xx 00 eng d
050
_a
FIC
_b
D36 1981
100
_a
Defoe, Daniel
245
_a
Robinson Crusoe.
260
_a
New York :
_b
A Bantam Book,
_c
1981.
999
_c
110761
_d
110761